| 000 | 00486nam a2200181Ia 4500 | ||
|---|---|---|---|
| 001 | 6541 | ||
| 008 | 140320s9999 xx 000 0 und d | ||
| 020 | _a0-684-80785-8 | ||
| 040 | _cPK-LaUMT | ||
| 082 |
_a 306.8743 _bEYR-I |
||
| 100 | _aEyre, Linda | ||
| 245 |
_aI didn't plan to be a witch and other surprises of a joyful _cEyre, Linda |
||
| 260 |
_aNew York,USA: _bA Fireside Book, _c1996. |
||
| 300 | _a190 p. | ||
| 546 | _aEN | ||
| 650 | _aFamily-United States-Case | ||
| 942 | _cBK | ||
| 999 |
_c8108 _d8108 |
||